000 00596nam a2200193Ia 4500
005 20250508155436.0
008 008 250505s9999 xx 000 0 eng d
037 _aTextual
040 _aFEDL
_beng
_cFEDL
041 _aeng
_2eng
084 _a378.54, IND
_qFEDL
245 0 _aReport of the university education commission. ( December 1948- August 1949) Vol. 1
245 0 _cIndia. Education (Ministry of ....)
260 _aDelhi, India
_bManger of Publication
_c1962
300 _a748p
365 _aINR
_b16.5
942 _cTEXL
_h378.54, IND
999 _c1356922
_d1356922